[Event "DVM U10 2016"]
[Site "Magdeburg GER"]
[Date "2016.12.28"]
[Round "4"]
[White "Oehring, Claus-Ferdinand"]
[Black "Glasmeyer, Jannis"]
[Result "1-0"]
[Termination "normal"]
[Board "5.4"]
[WhiteElo "923"]
[BlackElo "802"]
[WhiteClock "00:40:39"]
[BlackClock "00:47:36"]
[WhiteTeam "SK München Südost"]
[BlackTeam "Hagener SV 1"]
[PlyCount "95"]
[BlackFideId "16231023"]
[EventCountry "GER"]
[EventRounds "7"]
[EventType "team-swiss"]
[EventDate "2016.12.27"]

1. e4 {[%clk 0:59:59]} e5 {[%clk 0:59:48]} 2. Nf3 {[%clk 0:59:45]} Nf6 {[%clk
0:59:40]} 3. Nxe5 {[%clk 0:59:38]} Nxe4 {[%clk 0:59:30]} 4. Qe2 {[%clk
0:59:23]} Qh4 {[%clk 0:58:58]} 5. g3 {[%clk 0:58:52]} Qf6 {[%clk 0:58:01]} 6.
Qxe4 {[%clk 0:58:42]} Bd6 {[%clk 0:57:23]} 7. Ng4+ {[%clk 0:57:49]} Qe6 {[%clk
0:57:03]} 8. Qxe6+ {[%clk 0:57:42]} dxe6 {[%clk 0:56:44]} 9. Bb5+ {[%clk
0:57:31]} c6 {[%clk 0:56:29]} 10. Bc4 {[%clk 0:57:26]} e5 {[%clk 0:56:05]} 11.
Nc3 {[%clk 0:56:49]} Bxg4 {[%clk 0:55:49]} 12. Be2 {[%clk 0:56:33]} Bxe2 {[%clk
0:55:31]} 13. Nxe2 Bc5 14. Rf1 Nd7 15. d3 {[%clk 0:54:59]} f6 {[%clk 0:55:20]}
16. Be3 {[%clk 0:54:49]} Bb4+ {[%clk 0:55:07]} 17. Bd2 {[%clk 0:54:35]} Bxd2+
{[%clk 0:54:58]} 18. Kxd2 {[%clk 0:54:25]} Nb6 {[%clk 0:54:27]} 19. Rad1 {[%clk
0:54:16]} Na4 {[%clk 0:54:15]} 20. Kc1 {[%clk 0:54:06]} O-O-O {[%clk 0:53:54]}
21. d4 {[%clk 0:53:06]} exd4 {[%clk 0:53:39]} 22. Nxd4 {[%clk 0:52:51]} Rd7
{[%clk 0:53:11]} 23. Ne6 {[%clk 0:52:22]} Rxd1+ {[%clk 0:52:47]} 24. Rxd1 g5
25. Rd4 {[%clk 0:51:25]} Re8 {[%clk 0:52:15]} 26. Rxa4 {[%clk 0:50:59]} Rxe6
{[%clk 0:52:03]} 27. Kd1 {[%clk 0:50:22]} a6 {[%clk 0:51:53]} 28. Rd4 {[%clk
0:50:08]} c5 29. Rc4 {[%clk 0:49:29]} b6 {[%clk 0:51:17]} 30. h4 {[%clk
0:49:02]} Re5 {[%clk 0:50:48]} 31. hxg5 {[%clk 0:48:37]} b5 {[%clk 0:50:39]}
32. Rh4 {[%clk 0:48:17]} fxg5 {[%clk 0:50:26]} 33. Rxh7 {[%clk 0:48:04]} Rf5
{[%clk 0:50:14]} 34. f4 {[%clk 0:47:11]} gxf4 {[%clk 0:50:07]} 35. gxf4 {[%clk
0:47:06]} Rxf4 {[%clk 0:50:01]} 36. Rh8+ {[%clk 0:46:47]} Kd7 {[%clk 0:49:50]}
37. Rh7+ {[%clk 0:46:31]} Ke6 {[%clk 0:49:37]} 38. Rh6+ {[%clk 0:45:52]} Kd5
{[%clk 0:49:19]} 39. Rh5+ {[%clk 0:45:31]} Kc4 {[%clk 0:49:08]} 40. b3+ {[%clk
0:45:19]} Kc3 {[%clk 0:48:57]} 41. Rh3+ {[%clk 0:45:09]} Kb2 {[%clk 0:48:49]}
42. a4 {[%clk 0:44:29]} bxa4 {[%clk 0:48:33]} 43. bxa4 {[%clk 0:44:09]} Rxa4
{[%clk 0:48:29]} 44. Rb3+ {[%clk 0:43:55]} Ka2 {[%clk 0:48:21]} 45. Kc1 {[%clk
0:43:20]} Rb4 {[%clk 0:48:09]} 46. Rc3 {[%clk 0:42:05]} c4 {[%clk 0:47:59]} 47.
Re3 {[%clk 0:40:57]} Ka1 {[%clk 0:47:36]} 48. Ra3# {[%clk 0:40:39]} 1-0

[Event "DVM U10 2016"]
[Site "Magdeburg GER"]
[Date "2016.12.28"]
[Round "4"]
[White "Pikalow, Michael"]
[Black "Thomas, Anton"]
[Result "1-0"]
[Termination "normal"]
[Board "6.1"]
[WhiteElo "1441"]
[BlackElo "1187"]
[WhiteClock "00:33:42"]
[BlackClock "00:36:54"]
[WhiteTeam "USC Magdeburg"]
[BlackTeam "SC Erlangen"]
[PlyCount "47"]
[WhiteFideId "16227638"]
[EventCountry "GER"]
[EventRounds "7"]
[EventType "team-swiss"]
[EventDate "2016.12.27"]

1. e4 {[%clk 0:59:57]} e5 {[%clk 0:59:54]} 2. Nf3 {[%clk 0:59:55]} Nc6 {[%clk
0:59:38]} 3. Bb5 {[%clk 0:59:50]} Nf6 {[%clk 0:58:45]} 4. O-O {[%clk 0:59:44]}
Bc5 {[%clk 0:57:46]} 5. Nc3 {[%clk 0:58:44]} d6 {[%clk 0:57:33]} 6. d4 {[%clk
0:58:18]} Bg4 {[%clk 0:57:10]} 7. d5 a6 {[%clk 0:55:59]} 8. Bxc6+ {[%clk
0:54:12]} bxc6 {[%clk 0:55:38]} 9. dxc6 {[%clk 0:54:10]} O-O {[%clk 0:54:54]}
10. Qe2 {[%clk 0:53:33]} h6 {[%clk 0:54:36]} 11. Be3 {[%clk 0:52:54]} Bxe3
{[%clk 0:52:57]} 12. Qxe3 {[%clk 0:52:38]} Qe8 {[%clk 0:52:18]} 13. Nh4 {[%clk
0:51:04]} Qxc6 {[%clk 0:50:29]} 14. h3 {[%clk 0:48:52]} Bc8 {[%clk 0:49:08]}
15. f4 {[%clk 0:48:34]} Bb7 {[%clk 0:46:48]} 16. Rae1 {[%clk 0:45:45]} Nh5
{[%clk 0:45:22]} 17. Nd5 {[%clk 0:42:17]} Rae8 {[%clk 0:41:27]} 18. g4 {[%clk
0:36:12]} Nxf4 {[%clk 0:40:31]} 19. Nxf4 {[%clk 0:36:05]} exf4 {[%clk 0:40:20]}
20. Rxf4 {[%clk 0:35:04]} g5 {[%clk 0:40:04]} 21. Rf5 {[%clk 0:34:47]} gxh4
{[%clk 0:39:14]} 22. Qxh6 {[%clk 0:33:59]} f6 {[%clk 0:37:39]} 23. Qg6+ {[%clk
0:33:44]} Kh8 {[%clk 0:36:54]} 24. Rh5# {[%clk 0:33:42]} 1-0

[Event "DVM U10 2016"]
[Site "Magdeburg GER"]
[Date "2016.12.28"]
[Round "4"]
[White "Isbilir, Seydi"]
[Black "Schiffner, Robin"]
[Result "0-1"]
[Termination "normal"]
[Board "6.2"]
[WhiteElo "1091"]
[BlackElo "1324"]
[WhiteClock "00:31:41"]
[BlackClock "00:10:59"]
[WhiteTeam "SC Erlangen"]
[BlackTeam "USC Magdeburg"]
[PlyCount "81"]
[WhiteFideId "16267184"]
[BlackFideId "16210328"]
[EventCountry "GER"]
[EventRounds "7"]
[EventType "team-swiss"]
[EventDate "2016.12.27"]

1. e4 {[%clk 1:00:00]} c5 {[%clk 1:00:00]} 2. f4 {[%clk 1:00:00]} d6 {[%clk
1:00:00]} 3. Nf3 {[%clk 1:00:00]} Nc6 {[%clk 0:59:43]} 4. Nc3 {[%clk 0:59:48]}
e6 {[%clk 0:59:09]} 5. Bb5 {[%clk 0:59:18]} Bd7 {[%clk 0:58:48]} 6. d3 {[%clk
0:58:43]} Be7 {[%clk 0:58:29]} 7. Be3 {[%clk 0:57:52]} Nf6 {[%clk 0:57:53]} 8.
Qd2 {[%clk 0:57:30]} a6 {[%clk 0:57:01]} 9. Ba4 {[%clk 0:57:16]} b5 {[%clk
0:56:47]} 10. Bb3 {[%clk 0:57:02]} O-O {[%clk 0:56:30]} 11. O-O-O {[%clk
0:56:54]} Qc7 {[%clk 0:56:05]} 12. Rhg1 {[%clk 0:56:13]} Rab8 {[%clk 0:55:07]}
13. a3 {[%clk 0:55:21]} Rfc8 {[%clk 0:53:59]} 14. Ba2 {[%clk 0:54:44]} a5
{[%clk 0:49:07]} 15. Nb1 {[%clk 0:53:17]} b4 {[%clk 0:44:01]} 16. g4 {[%clk
0:52:10]} a4 {[%clk 0:40:34]} 17. h4 {[%clk 0:51:09]} b3 {[%clk 0:38:31]} 18.
cxb3 {[%clk 0:48:45]} axb3 {[%clk 0:37:57]} 19. Bxb3 {[%clk 0:48:34]} Rxb3
{[%clk 0:37:36]} 20. g5 {[%clk 0:48:15]} Nh5 {[%clk 0:35:25]} 21. Qg2 {[%clk
0:47:27]} g6 {[%clk 0:33:21]} 22. Nbd2 {[%clk 0:45:23]} Rb5 {[%clk 0:32:10]}
23. Nf1 {[%clk 0:44:59]} Qb7 {[%clk 0:30:55]} 24. Rd2 {[%clk 0:44:42]} Ra8
{[%clk 0:28:08]} 25. Kd1 {[%clk 0:38:49]} Na5 {[%clk 0:26:02]} 26. Rc2 {[%clk
0:37:43]} Rb8 {[%clk 0:24:20]} 27. Bc1 {[%clk 0:36:18]} Nb3 {[%clk 0:21:55]}
28. e5 {[%clk 0:35:54]} d5 {[%clk 0:20:56]} 29. Ng3 {[%clk 0:34:57]} Nxg3
{[%clk 0:19:02]} 30. Qxg3 {[%clk 0:34:49]} Nxc1 {[%clk 0:18:46]} 31. Kxc1
{[%clk 0:34:43]} Rxb2 32. Qh2 Rb1+ {[%clk 0:16:50]} 33. Kd2 {[%clk 0:34:38]} c4
{[%clk 0:15:02]} 34. dxc4 {[%clk 0:34:26]} dxc4 {[%clk 0:14:39]} 35. Nd4 {[%clk
0:33:56]} Rb2 {[%clk 0:13:43]} 36. Rh1 {[%clk 0:33:44]} Ba4 {[%clk 0:12:23]}
37. Ke3 {[%clk 0:33:00]} Bxc2 {[%clk 0:12:03]} 38. Nxc2 Qb3+ {[%clk 0:11:47]}
39. Ke4 {[%clk 0:32:08]} Rxc2 {[%clk 0:11:23]} 40. Qg1 {[%clk 0:31:41]} Qd3#
{[%clk 0:10:59]} 41. Kd4 0-1

[Event "DVM U10 2016"]
[Site "Magdeburg GER"]
[Date "2016.12.28"]
[Round "4"]
[White "Herter, Arne"]
[Black "Wolf, Jonas"]
[Result "1-0"]
[Termination "normal"]
[Board "6.3"]
[WhiteElo "1114"]
[BlackElo "902"]
[WhiteTeam "USC Magdeburg"]
[BlackTeam "SC Erlangen"]
[PlyCount "97"]
[WhiteFideId "16255372"]
[BlackFideId "16269500"]
[EventCountry "GER"]
[EventRounds "7"]
[EventType "team-swiss"]
[EventDate "2016.12.27"]

1. e4 e5 2. Nf3 Nc6 3. Nc3 Nf6 4. Bb5 Bc5 5. O-O a6 6. Bxc6 dxc6 7. Nxe5 Qd4 8.
Nf3 Bg4 9. h3 Bh5 10. g4 Qd6 11. gxh5 O-O-O 12. d3 Nxh5 13. Ng5 Rdf8 14. Qxh5
g6 15. Qg4+ Kb8 16. Bf4 Qf6 17. Qg3 h6 18. Be5 Qxg5 19. Qxg5 hxg5 20. Bxh8 Rxh8
21. Kg2 Rh4 22. Kg3 Rf4 23. Ne2 Rh4 24. Rab1 Bd6+ 25. Kg2 g4 26. Rg1 gxh3+ 27.
Kf1 h2 28. Rh1 Rg4 29. a4 a5 30. c3 Rh4 31. Kg2 Rg4+ 32. Ng3 Bxg3 33. fxg3 f5
34. exf5 gxf5 35. Rxh2 f4 36. Rh8+ Ka7 37. Rh3 fxg3 38. Rxg3 Rxg3+ 39. Kxg3 b5
40. Ra1 Kb6 41. d4 c5 42. Kf4 cxd4 43. cxd4 c5 44. d5 bxa4 45. Rxa4 Kb5 46. b3
Kb6 47. Ke5 Kc7 48. Rxa5 Kb6 49. d6 1-0

[Event "DVM U10 2016"]
[Site "Magdeburg GER"]
[Date "2016.12.28"]
[Round "4"]
[White "Isbilir, Levin"]
[Black "Hostmann, Henning"]
[Result "0-1"]
[Termination "normal"]
[Board "6.4"]
[WhiteElo "931"]
[BlackElo "1022"]
[WhiteClock "00:45:40"]
[BlackClock "00:46:34"]
[WhiteTeam "SC Erlangen"]
[BlackTeam "USC Magdeburg"]
[PlyCount "44"]
[WhiteFideId "16267192"]
[BlackFideId "16255380"]
[EventCountry "GER"]
[EventRounds "7"]
[EventType "team-swiss"]
[EventDate "2016.12.27"]

1. e4 {[%clk 1:00:00]} e5 {[%clk 1:00:00]} 2. Nf3 {[%clk 1:00:00]} Nc6 {[%clk
1:00:00]} 3. Bc4 {[%clk 1:00:00]} Bc5 {[%clk 1:00:00]} 4. Nc3 {[%clk 1:00:00]}
Nf6 {[%clk 1:00:00]} 5. d3 {[%clk 0:59:58]} d6 {[%clk 0:59:41]} 6. h3 {[%clk
0:59:47]} Be6 {[%clk 0:59:29]} 7. Bb3 {[%clk 0:59:28]} Qd7 {[%clk 0:59:16]} 8.
O-O {[%clk 0:58:57]} h6 {[%clk 0:58:55]} 9. Qe2 {[%clk 0:57:55]} g5 {[%clk
0:58:15]} 10. h4 {[%clk 0:56:58]} gxh4 11. Nxh4 O-O-O {[%clk 0:57:29]} 12. Ba4
{[%clk 0:56:26]} Bh3 {[%clk 0:55:46]} 13. a3 {[%clk 0:55:04]} Rhg8 {[%clk
0:55:22]} 14. Qf3 {[%clk 0:53:24]} Bg4 {[%clk 0:54:16]} 15. Qxf6 {[%clk
0:50:28]} Bh3 {[%clk 0:53:02]} 16. Qf3 {[%clk 0:49:36]} Rg7 {[%clk 0:52:36]}
17. Bxh6 {[%clk 0:48:46]} Bxg2 18. Nxg2 Rg6 {[%clk 0:50:05]} 19. Bd2 {[%clk
0:48:19]} Rdg8 {[%clk 0:49:07]} 20. Nd5 {[%clk 0:45:40]} Rg3 21. Qf6 Rxg2+ 22.
Kh1 Qh3# {[%clk 0:46:34]} 0-1

[Event "DVM U10 2016"]
[Site "Magdeburg GER"]
[Date "2016.12.28"]
[Round "4"]
[White "Müller, Helene"]
[Black "Wiedersich, Hendryk"]
[Result "0-1"]
[Termination "normal"]
[Board "7.1"]
[WhiteElo "1182"]
[BlackElo "1374"]
[WhiteTeam "TSV Kitzscher"]
[BlackTeam "SV Dresden-Leuben"]
[PlyCount "27"]
[WhiteFideId "16240456"]
[BlackFideId "16255399"]
[EventCountry "GER"]
[EventRounds "7"]
[EventType "team-swiss"]
[EventDate "2016.12.27"]

1. e4 e6 2. d4 d5 3. exd5 exd5 4. c4 Nf6 5. Nc3 Bb4 6. Bd2 dxc4 7. Nf3 Bf5 8.
Bxc4 O-O 9. O-O Nc6 10. Bf4 a6 11. Re1 Re8 12. Qb3 Bg6 13. Rad1 Bxc3 {nicht
mehr nachvollziehbar} 14. Qxc3 0-1

[Event "DVM U10 2016"]
[Site "Magdeburg GER"]
[Date "2016.12.28"]
[Round "4"]
[White "Phan Trong, Dai"]
[Black "Hick, Richard"]
[Result "1-0"]
[Termination "normal"]
[Board "7.2"]
[WhiteElo "1348"]
[BlackElo "1009"]
[WhiteTeam "SV Dresden-Leuben"]
[BlackTeam "TSV Kitzscher"]
[PlyCount "79"]
[WhiteFideId "16236939"]
[BlackFideId "16269403"]
[EventCountry "GER"]
[EventRounds "7"]
[EventType "team-swiss"]
[EventDate "2016.12.27"]

1. d4 d5 2. c4 dxc4 3. e4 Nf6 4. Nc3 Nc6 5. Be3 e6 6. Bxc4 Be7 7. Nge2 e5 8. d5
Na5 9. Qa4+ Bd7 10. Qxa5 b6 11. Qa6 Qc8 12. O-O O-O 13. Qxc8 Raxc8 14. Rfd1 Bc5
15. Bxc5 bxc5 16. Nb5 a6 17. Nbc3 Rb8 18. Rd2 Bb5 19. Bxb5 axb5 20. Ng3 Rfd8
21. Rad1 b4 22. Na4 h6 23. Nxc5 Rb6 24. Rf1 Nd7 25. Nxd7 Rxd7 26. Nf5 g6 27.
Nxh6+ Kg7 28. Ng4 Re7 29. Ne3 Re8 30. Nc4 Rf6 31. Rfd1 g5 32. d6 cxd6 33. Nxd6
Rh8 34. Nf5+ Kg6 35. Rd6 Rxd6 36. Rxd6+ f6 37. Rd7 Rc8 38. Rg7+ Kh5 39. h3 Rh8
40. g4# 1-0

[Event "DVM U10 2016"]
[Site "Magdeburg GER"]
[Date "2016.12.28"]
[Round "4"]
[White "Ottlik, Marie"]
[Black "Hentschel, Lena"]
[Result "1-0"]
[Termination "normal"]
[Board "7.3"]
[WhiteElo "909"]
[BlackElo "1027"]
[WhiteTeam "TSV Kitzscher"]
[BlackTeam "SV Dresden-Leuben"]
[PlyCount "78"]
[WhiteFideId "16281730"]
[BlackFideId "16240324"]
[EventCountry "GER"]
[EventRounds "7"]
[EventType "team-swiss"]
[EventDate "2016.12.27"]

1. e4 e5 2. Nf3 Nc6 3. Bc4 Bc5 4. Nc3 d6 5. h3 Nf6 6. d3 h6 7. Be3 Bb6 8. O-O
Be6 9. Bb3 O-O 10. Qd2 a6 11. Bxh6 gxh6 12. Qxh6 Nh7 13. Ne2 Qf6 14. Qh5 Qg6
15. Qxg6+ fxg6 16. Bxe6+ Kg7 17. Rad1 Rf6 18. Bd5 g5 19. d4 Re8 20. Rd3 Nb4 21.
Rb3 Nxd5 22. exd5 e4 23. Nd2 Ba5 24. Nc4 Bb6 25. Nxb6 cxb6 26. Rxb6 Re7 27. Ng3
Kg6 28. f3 exf3 29. gxf3 Ref7 30. Kg2 Re7 31. Ne4 Rf4 32. Rxd6+ Nf6 33. Nxf6
Rxf6 34. Rxf6+ Kxf6 35. d6 Rd7 36. f4 Rxd6 37. fxg5+ Kxg5 38. Rd1 Re6 39. h4+
Kxh4 {nicht mehr nachvollziehbar} 1-0

[Event "DVM U10 2016"]
[Site "Magdeburg GER"]
[Date "2016.12.28"]
[Round "4"]
[White "Korek, Jakob Alexander"]
[Black "Zöllner, Bente"]
[Result "0-1"]
[Termination "normal"]
[Board "8.1"]
[WhiteElo "1193"]
[BlackElo "1402"]
[WhiteTeam "Schachpinguine Berlin"]
[BlackTeam "Stader SV 1"]
[PlyCount "23"]
[WhiteFideId "16240022"]
[BlackFideId "16230523"]
[EventCountry "GER"]
[EventRounds "7"]
[EventType "team-swiss"]
[EventDate "2016.12.27"]

1. e4 e5 2. Nf3 Nc6 3. Nc3 d6 4. d4 exd4 5. Nxd4 Nf6 6. Be2 g6 7. O-O Bg7 8.
Be3 O-O 9. Nxc6 bxc6 10. f3 Be6 11. Bd3 Nd7 12. Rb1 {nicht nachvollziehbar} 0-1

[Event "DVM U10 2016"]
[Site "Magdeburg GER"]
[Date "2016.12.28"]
[Round "4"]
[White "Fuchs, Thomas"]
[Black "Gorodezki, Andrey"]
[Result "1-0"]
[Termination "normal"]
[Board "8.2"]
[WhiteElo "1260"]
[BlackElo "1085"]
[WhiteTeam "Stader SV 1"]
[BlackTeam "Schachpinguine Berlin"]
[PlyCount "69"]
[WhiteFideId "16230574"]
[EventCountry "GER"]
[EventRounds "7"]
[EventType "team-swiss"]
[EventDate "2016.12.27"]

1. d4 d5 2. c4 e6 3. Nc3 Nf6 4. Bg5 c6 5. Nf3 Nbd7 6. e3 Bb4 7. Bd3 O-O 8. O-O
Nb6 9. Ne5 c5 10. dxc5 Bxc5 11. cxd5 Nbxd5 12. Ng4 b6 13. Nxd5 exd5 14. Nxf6+
gxf6 15. Qh5 Re8 16. Qxh7+ Kf8 17. Qh8+ Ke7 18. Qxf6+ Kd7 19. Bb5+ Kc7 20. Qc6+
Kb8 21. Bxd8 Rxd8 22. Qf6 Rd6 23. Qxf7 a6 24. Bd3 Be6 25. Qf4 Kc7 26. Rac1 Rh8
27. b4 Bd7 28. bxc5 bxc5 29. Rxc5+ Bc6 30. Rfc1 Kb6 31. Qxd6 Rc8 32. Rxc6+ Rxc6
33. Qxc6+ Ka7 34. Qxa6+ Kb8 35. Rc8# 1-0

[Event "DVM U10 2016"]
[Site "Magdeburg GER"]
[Date "2016.12.28"]
[Round "4"]
[White "Nguyen, Duc Minh"]
[Black "Hinz, Paolo"]
[Result "0-1"]
[Termination "normal"]
[Board "8.3"]
[WhiteElo "851"]
[BlackElo "1157"]
[WhiteTeam "Schachpinguine Berlin"]
[BlackTeam "Stader SV 1"]
[PlyCount "58"]
[BlackFideId "16230540"]
[EventCountry "GER"]
[EventRounds "7"]
[EventType "team-swiss"]
[EventDate "2016.12.27"]

1. e4 c6 2. Nf3 d5 3. d3 Nf6 4. Nc3 Bg4 5. Be2 Nbd7 6. Be3 e6 7. a3 Bd6 8. O-O
Qc7 9. g3 a6 10. Bd4 O-O 11. Qd2 Rfe8 12. Qe3 e5 13. Ba7 b6 14. Bxb6 Qxb6 15.
d4 Bxf3 16. Bxf3 exd4 17. Qd2 dxc3 18. Qxc3 Nxe4 19. Bxe4 Rxe4 20. b3 Be5 21.
Qd2 Bxa1 22. Rxa1 Rae8 23. Ra2 Re2 24. Qxe2 Rxe2 25. Kg2 Qxf2+ 26. Kh3 Qf5+ 27.
g4 Qf3+ 28. Kh4 Rxh2+ 29. Kg5 f6# 0-1

[Event "DVM U10 2016"]
[Site "Magdeburg GER"]
[Date "2016.12.28"]
[Round "4"]
[White "Jafarzadeh, Aria"]
[Black "Hoffmann, Lucas"]
[Result "1-0"]
[Termination "normal"]
[Board "8.4"]
[WhiteElo "932"]
[BlackElo "853"]
[WhiteTeam "Stader SV 1"]
[BlackTeam "Schachpinguine Berlin"]
[PlyCount "103"]
[EventCountry "GER"]
[EventRounds "7"]
[EventType "team-swiss"]
[EventDate "2016.12.27"]

1. c4 e5 2. Nc3 Nf6 3. d3 Bc5 4. Bg5 Nc6 5. Nf3 d6 6. e3 Bg4 7. h3 Bxf3 8. Qxf3
O-O 9. Nd5 Bb4+ 10. Nxb4 Nxb4 11. Bxf6 gxf6 12. Qd1 Qd7 13. d4 exd4 14. exd4
Rad8 15. a3 Na6 16. c5 dxc5 17. Bxa6 bxa6 18. dxc5 Qe7+ 19. Qe2 Qxc5 20. Qg4+
Kh8 21. O-O Qc6 22. Qf3 Qb6 23. Rfd1 Rxd1+ 24. Rxd1 Qxb2 25. Rd7 Qa1+ 26. Kh2
Qe5+ 27. Qg3 Qxg3+ 28. Kxg3 Kg7 29. Rxc7 Ra8 30. Rc6 a5 31. Ra6 f5 32. Rxa5 Kg6
33. Kh4 h5 34. f4 f6 35. g4 hxg4 36. hxg4 fxg4 37. Kxg4 a6 38. f5+ Kg7 39. Rd5
Rg8 40. Kf4 Rh8 41. Rd7+ Kf8 42. Rd6 Rh4+ 43. Kg3 Ra4 44. Rxf6+ Kg7 45. Rb6
Rxa3+ 46. Kf4 a5 47. Kg5 Ra4 48. Rb7+ Kf8 49. Kg6 Rg4+ 50. Kf6 Rb4 51. Rh7 a4
52. Rh8# 1-0

[Event "DVM U10 2016"]
[Site "Magdeburg GER"]
[Date "2016.12.28"]
[Round "4"]
[White "Dorendorf, Mika"]
[Black "Atze, Reinhard"]
[Result "0-1"]
[Termination "normal"]
[Board "9.1"]
[WhiteElo "906"]
[BlackElo "1169"]
[WhiteTeam "Hamburger SK 2"]
[BlackTeam "SK König Plauen"]
[PlyCount "66"]
[WhiteFideId "16283066"]
[BlackFideId "12995665"]
[EventCountry "GER"]
[EventRounds "7"]
[EventType "team-swiss"]
[EventDate "2016.12.27"]

1. c4 e5 2. Nc3 Nf6 3. g3 d5 4. e3 dxc4 5. Bxc4 Bg4 6. Nge2 Bf3 7. O-O Be7 8.
d4 exd4 9. Qxd4 Nbd7 10. Qf4 Bc6 11. Nd4 O-O 12. Nxc6 bxc6 13. e4 Bd6 14. Qf3
Ne5 15. Qe2 Nxc4 16. Qxc4 c5 17. Re1 Re8 18. f4 Bf8 19. e5 Qd7 20. Rd1 Qc6 21.
exf6 Qxf6 22. Nd5 Qe6 23. Nxc7 Qxc4 24. b3 Qc2 25. Be3 Qc3 26. Bd2 Qd4+ 27. Be3
Qxe3+ 28. Kh1 Rad8 29. Re1 Qf3+ 30. Kg1 Rxe1+ 31. Rxe1 Rd2 32. Re2 Rd1+ 33. Re1
Rxe1# 0-1

[Event "DVM U10 2016"]
[Site "Magdeburg GER"]
[Date "2016.12.28"]
[Round "4"]
[White "Elstner, Florian"]
[Black "Kölmel, Lukas"]
[Result "1/2-1/2"]
[Termination "normal"]
[Board "9.2"]
[WhiteElo "1197"]
[BlackElo "600"]
[WhiteTeam "SK König Plauen"]
[BlackTeam "Hamburger SK 2"]
[PlyCount "67"]
[WhiteFideId "16247264"]
[EventCountry "GER"]
[EventRounds "7"]
[EventType "team-swiss"]
[EventDate "2016.12.27"]

1. Nf3 d5 2. d4 Nc6 3. c4 Nf6 4. b3 Bf5 5. Nc3 e6 6. Nh4 Ne4 7. Nxe4 Qxh4 8.
Ng3 Qxd4 9. Qxd4 Nxd4 10. Nxf5 Nc2+ 11. Kd2 Nxa1 12. Ng3 Bb4+ 13. Kd1 Bc3 14.
Bd2 Bxd2 15. Kxd2 O-O-O 16. Kc1 Nxb3+ 17. axb3 dxc4 18. bxc4 Rd7 19. e3 Rhd8
20. Be2 a5 21. Rd1 Rxd1+ 22. Bxd1 c6 23. Ne4 f5 24. Ng5 g6 25. Nxe6 Re8 26. Ng5
h5 27. Nf7 Re7 28. Ng5 b5 29. cxb5 cxb5 30. Nf3 Rf7 31. Nd4 Rb7 32. Be2 Rc7+
33. Kb2 b4 34. Ba6+ 1/2-1/2

[Event "DVM U10 2016"]
[Site "Magdeburg GER"]
[Date "2016.12.28"]
[Round "4"]
[White "Malchereck, Zion"]
[Black "Oehme, Adrian"]
[Result "1-0"]
[Termination "normal"]
[Board "9.3"]
[WhiteElo "924"]
[BlackElo "1200"]
[WhiteTeam "Hamburger SK 2"]
[BlackTeam "SK König Plauen"]
[PlyCount "69"]
[WhiteFideId "16269233"]
[EventCountry "GER"]
[EventRounds "7"]
[EventType "team-swiss"]
[EventDate "2016.12.27"]

1. e4 c5 2. Nc3 Nc6 3. Nf3 d6 4. Bb5 Nf6 5. d4 cxd4 6. Qxd4 e5 7. Qd2 a6 8. Ba4
b5 9. Bb3 Be6 10. Bxe6 fxe6 11. Ng5 Nd4 12. O-O Be7 13. Ne2 Nd7 14. Nxd4 Bxg5
15. Qd1 Bxc1 16. Nxe6 Qe7 17. Nc7+ Kf7 18. Nxa8 Rxa8 19. Qxc1 Kg8 20. Qd2 Nc5
21. Rae1 Na4 22. Qd5+ Qf7 23. Qxa8+ Qf8 24. Qxf8+ Kxf8 25. b3 Nc3 26. Re3 b4
27. Rxc3 bxc3 28. Rd1 Ke7 29. Kf1 a5 30. Rd3 g6 31. Rxc3 Kf6 32. Rc6 Kg5 33.
Rxd6 Kf4 34. c4 Kxe4 35. a3 1-0

[Event "DVM U10 2016"]
[Site "Magdeburg GER"]
[Date "2016.12.28"]
[Round "4"]
[White "Deiters, Clemenz"]
[Black "Tietz, Bennit"]
[Result "1-0"]
[Termination "normal"]
[Board "9.4"]
[WhiteElo "1091"]
[BlackElo "792"]
[WhiteTeam "SK König Plauen"]
[BlackTeam "Hamburger SK 2"]
[PlyCount "25"]
[WhiteFideId "16240243"]
[BlackFideId "16286936"]
[EventCountry "GER"]
[EventRounds "7"]
[EventType "team-swiss"]
[EventDate "2016.12.27"]

1. e4 e5 2. Nf3 Nc6 3. Bc4 Nf6 4. d3 Bc5 5. c3 d5 6. exd5 Nxd5 7. d4 exd4 8.
cxd4 Qe7+ 9. Qe2 Qxe2+ 10. Bxe2 Bb4+ 11. Bd2 Bxd2+ 12. Nbxd2 O-O 13. O-O {
nicht mehr nachvollziehbar} 1-0

[Event "DVM U10 2016"]
[Site "Magdeburg GER"]
[Date "2016.12.28"]
[Round "4"]
[White "Kuppe, Eugen"]
[Black "Korr, Sören"]
[Result "0-1"]
[Termination "normal"]
[Board "10.1"]
[WhiteElo "1184"]
[BlackElo "996"]
[WhiteTeam "SV Roter Turm Halle 1"]
[BlackTeam "DJK Arminia Eilendorf"]
[PlyCount "74"]
[BlackFideId "16275241"]
[EventCountry "GER"]
[EventRounds "7"]
[EventType "team-swiss"]
[EventDate "2016.12.27"]

1. c4 e5 2. Nc3 Nc6 3. g3 Bc5 4. Bg2 d6 5. Nf3 Nf6 6. d3 Bf5 7. O-O O-O 8. Bd2
Qd7 9. Re1 Rfe8 10. Qb3 Rab8 11. Nh4 Bh3 12. Bh1 Be6 13. Ne4 Nxe4 14. Bxe4 Nd4
15. Qc3 Nf5 16. Nxf5 Bxf5 17. Bh1 Bd4 18. Qb3 e4 19. dxe4 Bxe4 20. Bxe4 Rxe4
21. Qd3 Qf5 22. Rf1 Bb6 23. Kg2 Qg6 24. f3 Re6 25. Rfe1 Rbe8 26. Kf1 Qh5 27. h4
Rf6 28. Bc3 Rg6 29. Kg2 Qxh4 30. f4 Re3 31. Qxe3 Bxe3 32. Kf3 Qxg3+ 33. Ke4 f5+
34. Kd3 Qxf4 35. Kc2 Qe4+ 36. Kb3 d5 37. cxd5 Rb6+ 0-1

[Event "DVM U10 2016"]
[Site "Magdeburg GER"]
[Date "2016.12.28"]
[Round "4"]
[White "Mainka, Ingmar"]
[Black "Pietsch, Johann"]
[Result "1-0"]
[Termination "normal"]
[Board "10.2"]
[WhiteElo "1122"]
[BlackElo "1590"]
[WhiteTeam "DJK Arminia Eilendorf"]
[BlackTeam "SV Roter Turm Halle 1"]
[PlyCount "53"]
[WhiteFideId "16254937"]
[BlackFideId "12987000"]
[EventCountry "GER"]
[EventRounds "7"]
[EventType "team-swiss"]
[EventDate "2016.12.27"]

1. e4 e5 2. Nf3 Nc6 3. Bc4 Bc5 4. d3 Nf6 5. Bg5 d6 6. Nc3 Bd7 7. Nd5 a6 8.
Nxf6+ gxf6 9. Bh6 Qe7 10. O-O O-O-O 11. c3 Rhg8 12. d4 exd4 13. cxd4 Ba7 14.
Rc1 Bh3 15. g3 Bxf1 16. Qxf1 Nxd4 17. Nxd4 Bxd4 18. Bxa6 Rg6 19. Qb5 Bb6 20.
Be3 Qe5 21. Bxb7+ Kxb7 22. Qc6+ Ka6 23. Rc3 Qxc3 24. bxc3 Ka7 25. Qxc7+ Ka8 26.
Bxb6 Rd7 27. Qc8# 1-0